Nicaragua City Quiz - Statistics

General Stats
  • This quiz has been taken 27 times
  • The average score is 5 of 9
Answer Stats
City % Correct
Managua
100%
Granada
80%
Leon
80%
Masaya
50%
Esteli
45%
Chinandega
40%
Matagalpa
40%
Tipitapa
30%
Ciudad Sandino
5%
No matching quizzes found
Score Distribution
Percent of People with Each Score
Percentile by Number Answered
Your Score History
You have not taken this quiz